000 00294nam a22001337a 4500
008 170424b xxu||||| |||| 00| 0 eng d
020 _a9780198564409
041 _aeng
080 _a54
100 _a12
101 _aSHM
245 _aENVIRONMENTAL CHEMISTRY
_cVANLOON, G.W
942 _2udc
_cBK
999 _c11648
_d11648